00663nam a22001337a 4500008004100000020001500041050002800056245029500084260004600379300002000425440003800445700002300483800002300506140902b xxu||||| |||| 00| 0 eng d a0406093458 aKD277.7.L39(1934 vol.2) aThe Law Reports (1934 vol.2) King's bench division: of the incorporated Council of law reporting Kings Bench Division and on appeal therefrom in the Court of Appeal, decisions in the Court of criminal appeal and decisions of the Railway and Canal Commission. /cedited by Frederick Pollock  aLondon:bButterworth and Co. Ltd.,c1934. axi,536p.:c24cm pKings Bench Division, 1934vvol 2 aPollock, Frederick aPollock, Frederick